000 004840000a22001930004500
001 001940
003 MACL
005 20151007160613.0
008 151007b xxu||||| |||| 00| 0 eng d
040 _aMACL
_cMACL
041 _aEnglish
082 _a920
100 _aMishra, D.P.
_914078
245 _aIndia's March To Freedom
_cD.P. Mishra
260 _aNew Delhi
_c2001
_bHar Aanand Publications Pvt. Ltd.,
350 _a795
650 _aBiography
_914079
942 _k920
_cBK
_2ddc
999 _c13856
_d13856